| 000 | 01111cam a2200289 a 4500 | ||
|---|---|---|---|
| 999 |
_c7922 _d7922 |
||
| 001 | 16156762 | ||
| 003 | OSt | ||
| 005 | 20220723120645.0 | ||
| 008 | 100326s2011 maua b 001 0 eng | ||
| 010 | _a 2010010677 | ||
| 020 | _a9788131792476 | ||
| 035 | _a(OCoLC)ocn586123196 | ||
| 040 |
_aDLC _cDLC _dYDXCP _dC#P _dBWX _dDLC |
||
| 050 | 0 | 0 |
_aQA76.9.D3 _bE57 2011 |
| 082 | 0 | 0 |
_a005.74 _222 _bELM/D |
| 100 |
_aElmasri, Ramez _91415 |
||
| 245 | 1 | 0 |
_aDatabase systems : Models, languages, design and application programming / _cRamez Elmasri, Shamkant B. Navathe. |
| 250 | _a6th ed. | ||
| 260 |
_aNew Delhi : _bDorling Kindersly, _cc2013. |
||
| 300 |
_axxv, 1214 p. : _bill. ; _c24 cm. |
||
| 504 | _aIncludes bibliographical references and index. | ||
| 650 | 0 | _aDatabase management. | |
| 700 | 1 |
_aNavathe, Sham _91672 |
|
| 906 |
_a7 _bcbc _corignew _d1 _eecip _f20 _gy-gencatlg |
||
| 942 |
_2ddc _cBK _h005.74 _iELM/D _k005.74 _mELM/D |
||